Un obispo de antes del Concilio (Record no. 127145)

MARC details
000 -LEADER
campo de control de longitud fija 00652nam a2200193 i 4500
001 - NÚMERO DE CONTROL
campo de control 127145
003 - IDENTIFICADOR DE NÚMERO DE CONTROL
campo de control ES-MaACL
005 - FECHA Y HORA DE LA ÚLTIMA TRANSACCIÓN
campo de control 20260315173039.0
007 - CAMPO FIJO DE DESCRIPCIÓN FÍSICA--INFORMACIÓN GENERAL
campo de control de longitud fija t|
008 - DATOS DE LONGITUD FIJA--INFORMACIÓN GENERAL
campo de control de longitud fija 070214s1973 sp r ||||1| spa d
100 1# - ENTRADA PRINCIPAL--NOMBRE DE PERSONA
Nombre de persona Ricart Torrens, José.
9 (RLIN) 96866
245 13 - MENCIÓN DEL TÍTULO
Título Un obispo de antes del Concilio
Resto del título : Don Manuel Irurita Almándoz /
Mención de responsabilidad, etc. José Ricart Torrens ; prólogo de Rafael Gambra.
260 ## - PUBLICACIÓN, DISTRIBUCIÓN, ETC.
Lugar de publicación, distribución, etc. Madrid :
Nombre del editor, distribuidor, etc. Religión y Patria,
Fecha de publicación, distribución, etc. 1973.
300 ## - DESCRIPCIÓN FÍSICA
Extensión 356 p., 9 lám. ;
Dimensiones 21 cm.
600 17 - PUNTO DE ACCESO ADICIONAL DE MATERIA--NOMBRE DE PERSONA
Nombre de persona Irurita y Almandoz, Manuel,
Fechas asociadas al nombre 1876-1936
Fuente del encabezamiento o término
9 (RLIN) 169058
700 1# - ENTRADA AGREGADA--NOMBRE PERSONAL
Nombre de persona Gambra, Rafael.
9 (RLIN) 53775
852 ## - LOCALIZACIÓN
Ubicación ES-MaACL
Número de control de estantería C-54817
Sublocalización o colección R.87410
Holdings
Estatus retirado Estado de pérdida Estado de daño No para préstamo Biblioteca de origen Biblioteca actual Ubicación en estantería Fecha de adquisición Fuente de adquisición Total de préstamos Signatura topográfica completa Código de barras Visto por última vez Precio de reemplazo Tipo de ítem Koha
        Biblioteca del Ateneo de Madrid Biblioteca del Ateneo de Madrid Depósito 2 17/01/2008     C-54817 1132430 23/02/2023 23/02/2023 Libro impreso